LEADER 01108nam 2200361 450 001 9910479872403321 010 $a3-8382-6079-1 035 $a(CKB)4100000008340173 035 $a(MiAaPQ)EBC5782397 035 $a(EXLCZ)994100000008340173 100 $a20190611d2012 uy 1 101 0 $ager 135 $aurcnu|||||||| 181 $ctxt$2rdacontent 182 $cc$2rdamedia 183 $acr$2rdacarrier 200 10$aAnna, die alte Zauberin $e"der letzte Scheiterhaufen von Rotenburg" : Ein historischer Roman u?ber eine wahre Begebenheit /$fJu?rgen Hoops von Scheessel 210 1$aStuttgart :$cIbidem-Verlag,$d2012. 215 $a1 online resource (263 pages) $cillustrations 225 1 $aEdition Noe?ma 410 0$aEdition Noe?ma. 606 $aMagicians$vFiction 608 $aElectronic books. 615 0$aMagicians 676 $a813.6 700 $aHoops von Scheessel$b Ju?rgen$0894313 801 0$bMiAaPQ 801 1$bMiAaPQ 801 2$bMiAaPQ 906 $aBOOK 912 $a9910479872403321 996 $aAnna, die alte Zauberin$91997802 997 $aUNINA LEADER 01393nam0 22003493i 450 001 VAN0276151 005 20240522090343.399 017 70$2N$a9783031053559 100 $a20240522d2022 |0itac50 ba 101 $aeng 102 $aCH 105 $a|||| ||||| 200 1 $aA.P. Morse?s Set Theory and Analysis$fRobert A. Alps editor 210 $aCham$cBirkhäuser$cSpringer$d2022 215 $alxxxi, 454 p.$cill.$d24 cm 610 $aElementary Analysis$9KW:K 610 $aHistory of mathematics$9KW:K 610 $aMathematical Logic and Foundations$9KW:K 610 $aMeasure and integration$9KW:K 610 $aSet Theory$9KW:K 620 $aCH$dCham$3VANL001889 702 1$aAlps$bRobert A.$3VANV228853 712 $aBirkhäuser $3VANV108193$4650 712 $aSpringer $3VANV108073$4650 801 $aIT$bSOL$c20240614$gRICA 856 4 $uhttps://doi.org/10.1007/978-3-031-05355-9$zE-book ? Accesso al full-text attraverso riconoscimento IP di Ateneo, proxy e/o Shibboleth 899 $aBIBLIOTECA DEL DIPARTIMENTO DI MATEMATICA E FISICA$1IT-CE0120$2VAN08 912 $fN 912 $aVAN0276151 950 $aBIBLIOTECA DEL DIPARTIMENTO DI MATEMATICA E FISICA$d08CONS e-Book 8571 $e08eMF8571 20240604 996 $aA.P. Morse?s Set Theory and Analysis$94160953 997 $aUNICAMPANIA